[Event "COL-chD"]
[Site "Bogota"]
[Date "2019.08.31"]
[Round "6"]
[White "Contreras R, Wilson Mauricio"]
[Black "Quintero Rincon, Nelson"]
[Result "1-0"]
[WhiteElo "1742"]
[BlackElo "1600"]
[PlyCount "45"]
[EventDate "2019.08.28"]
[EventType "swiss"]
[EventRounds "7"]
[EventCountry "COL"]
[SourceTitle "EXT 2020"]
[Source "ChessBase"]
[SourceDate "2019.10.17"]
[SourceVersion "1"]
[SourceVersionDate "2019.10.17"]
[SourceQuality "1"]

1. e4 d6 2. d4 Nf6 3. Nc3 g6 4. Bc4 Bg7 5. f4 Nc6 6. e5 dxe5 7. fxe5 Ng4 8. Nf3 a6 9. 0-0 0-0 10. Bf4 Nh6 11. Ne4 Bf5 12. Ng3 Na5 13. Be2 Nc6 14. Qd2 Ng4 15. h3 Ngxe5 16. dxe5 Qxd2 17. Nxd2 Bxc2 18. Nf3 h6 19. Rac1 Ba4 20. b3 Bb5 21. a4 Bxe2 22. Nxe2 b5 23. Rxc6 1-0